00000000nam 2200000zi 4500
0019.945099
003CaOODSP
00520241119092708
006m     o  d f      
007cr mn|||||||||
008241113t20242024onc     o    f000 0 eng d
020 |a9780660744667
040 |aCaOODSP|beng|erda|cCaOODSP
043 |an-cn---
045 |ay2y2
0861 |aIu4-442/2024E-PDF
24500|aEstimating consumer value of Canadian data portability : |bfinal report / |cprepared for Innovation, Science and Economic Development Canada.
24617|aISED and Competition Bureau : |bestimating consumer value of Canadian data portability
264 1|a[Ottawa] : |bInnovation, Science and Economic Development Canada = Innovation, sciences et développement économique Canada, |c2024.
264 4|c©2024
300 |a1 online resource (vi, 42 pages) + |esummary (6 unnumbered pages)
336 |atext|btxt|2rdacontent
337 |acomputer|bc|2rdamedia
338 |aonline resource|bcr|2rdacarrier
500 |aIssued also in French under title: Estimation de la valeur de la portabilité des données canadiennes pour le consommateur : rapport final.
500 |a"Supplier name: Environics Research Group."
500 |a"Contract number: CW2242700."
500 |a"Delivery date: October 23, 2024."
500 |a"Registration number: POR 059-22."
650 0|aInsurance|zCanada|xPublic opinion.
650 0|aData protection|zCanada|xPublic opinion.
650 0|aData privacy|zCanada|xPublic opinion.
650 0|aPublic opinion|zCanada.
650 0|aConsumers|zCanada|xAttitudes.
7101 |aCanada. |bInnovation, Science and Economic Development Canada, |eissuing body.
7102 |aEnvironics Research Group, |econsultant.
77508|tEstimation de la valeur de la portabilité des données canadiennes pour le consommateur : |w(CaOODSP)9.945101
85640|qPDF|s1.01 MB|uhttps://publications.gc.ca/collections/collection_2024/isde-ised/iu4/Iu4-442-2024-eng.pdf|z(final report)
85640|qPDF|s319 KB|uhttps://publications.gc.ca/collections/collection_2024/isde-ised/iu4/Iu4-442-2024-1-eng.pdf|z(executive summary)
8564 |qHTML|sN/A|uhttps://epe.bac-lac.gc.ca/100/200/301/pwgsc-tpsgc/por-ef/innovation_science_economic_development_canada/2024/059-22-e/059-22-report.htm|z(final report)
8564 |qHTML|sN/A|uhttps://epe.bac-lac.gc.ca/100/200/301/pwgsc-tpsgc/por-ef/innovation_science_economic_development_canada/2024/059-22-e/summary/059-22-summary.htm|z(executive summary)
8564 |qHTML|sN/A|uhttps://epe.bac-lac.gc.ca/100/200/301/pwgsc-tpsgc/por-ef/innovation_science_economic_development_canada/2024/059-22-e/index.html|z(complete dataset)